Business for higher awards (Record no. 79014)
[ view plain ]
| 000 -LEADER | |
|---|---|
| fixed length control field | 00938nam a2200205 a 4500 |
| 008 - FIXED-LENGTH DATA ELEMENTS--GENERAL INFORMATION | |
| fixed length control field | 120416s1995 ||||||||||||||||| || u |
| 020 ## - INTERNATIONAL STANDARD BOOK NUMBER | |
| International Standard Book Number | 0435285343 |
| 050 ## - LIBRARY OF CONGRESS CALL NUMBER | |
| Classification number | HF 5030 Nee |
| 100 ## - MAIN ENTRY--PERSONAL NAME | |
| Personal name | Needhave, Dave |
| 245 10 - TITLE STATEMENT | |
| Title | Business for higher awards |
| 246 ## - | |
| -- | Dave Needhave [and others] |
| 260 ## - PUBLICATION, DISTRIBUTION, ETC. | |
| Place of publication, distribution, etc. | Oxford |
| Name of publisher, distributor, etc. | BUTTERWORTH HEINEMANN |
| Date of publication, distribution, etc. | 1995 |
| 300 ## - PHYSICAL DESCRIPTION | |
| Extent | iv ; 710p. ;ill. |
| 350 ## - | |
| -- | 0.00 |
| 650 #0 - SUBJECT ADDED ENTRY--TOPICAL TERM | |
| Topical term or geographic name entry element | BUSINESS |
| 650 ## - SUBJECT ADDED ENTRY--TOPICAL TERM | |
| Topical term or geographic name entry element | AWARDS--BUSINESS |
| 995 ## - | |
| -- | BINDERY (DAMAGED) |
| -- | 0.00 |
| -- | 730590 |
| -- | CBU-MAIN LIBRARY (Kitwe) |
| -- | 2 |
| -- | 40.00 |
| -- | HF 5030 Nee |
| -- | DAMAGED |
| -- | Jun 6, 2006 |
| -- | 027499 |
| -- | Main Library Open Access Collection |
| 995 ## - | |
| -- | BINDERY (DAMAGED) |
| -- | 0.00 |
| -- | 730591 |
| -- | CBU-MAIN LIBRARY (Kitwe) |
| -- | 1 |
| -- | 40.00 |
| -- | HF 5030 Nee |
| -- | 1 |
| -- | DAMAGED |
| -- | 027498 |
| -- | Main Library Open Access Collection |
| 995 ## - | |
| -- | MAIN LIBRARY OPEN ACCESS |
| -- | 0.00 |
| -- | 730592 |
| -- | CBU-MAIN LIBRARY (Kitwe) |
| -- | 3 |
| -- | 40.00 |
| -- | HF 5030 Nee |
| -- | 3 |
| -- | AVAILABLE |
| -- | Nov 2, 2006 |
| -- | 027497 |
| -- | Main Library Open Access Collection |
| 999 ## - | |
| -- | 79014 |
| -- | 79014 |
No items available.